000 00674nam a2200217 a 4500
001 BRL_869
005 20190320210931.0
008 211013s1961----mx-a######---#000-0#spa-#
041 _aspa
044 _amx
050 4 _aN6710
_b.R83 1961
100 1 _aRubin de la Borbolla, Daniel
_94623
245 1 0 _aLos tesoros artísticos del Perú
_cTexto Daniel Rubín de la Borbolla.
260 _aMéxico
_bUNAM : Museo Nacional de Ciencias y arte
_c1961
300 _aVarias paginaciones
_bil. (algunas a color)
_c28 p.
500 _aAu967
650 1 4 _aArte peruano
_vExposiciones
_93864
650 1 4 _aArte popular
_vExposiciones
_zPerú
_925189
902 _aGRL
942 _2lcc
_cB
999 _c9681
_d9681